000 00982nam a2200217Ia 4500
003 OSt
005 20241008085712.0
007 ca aa aaaaa
008 201103s9999 xx 000 0 und d
040 _cSSBUL
041 _abur
082 _a၂၉၄.၃၃၆၈ ဆန်
_223
_b၉၂၃၅ S-SAT
100 0 _a ဆန္ဒာဓိက၊ အရှင်၊ ရွှေပါရမီတောရ
245 1 0 _aစိတ်အားဖြည့်ဓမ္မရွက်နု /
_cအရှင်ဆန္ဒာဓိကရွှေပါရမီတောရ။
260 _aရန်ကုန် ၊
_bရွှေပါရမီဓမ္မစာပေ၊
_c၂၀၀၆။
300 _a၁၁၁ စာမျက်နှာ ၊
_bပုံများ ၊
_c၁၆ စင်တီ။
440 _aရျွေပါရမီစာစဉ် (၂၈)
_954935
500 _aS-SAT: Dr. Sai Aung Tun
650 _aဗုဒ္ဓကဗျာ
_954936
942 _2ddc
_cBK1
999 _c16765
_d16765